Queer theory /
Պահպանված է:
| Այլ հեղինակներ: | , , , , , , , , , , , , , , , , , , |
|---|---|
| Ձևաչափ: | Գիրք |
| Լեզու: | անգլերեն |
| Հրապարակվել է: |
Basingstoke ; New York :
Palgrave,
c2005
|
| Շարք: | Readers in cultural criticism
|
| Խորագրեր: | |
| Ցուցիչներ: |
Չկան պիտակներ, Եղեք առաջինը, ով նշում է այս գրառումը!
|
MARC
| LEADER | 00000nam a22000007i 4500 | ||
|---|---|---|---|
| 001 | IT\ICCU\MIL\0662021 | ||
| 003 | ItRI | ||
| 005 | 20250824185334.0 | ||
| 008 | 050311s2005 xxk|||||| ||||| |||||c | ||
| 020 | |a 1403916934 (rilegato) | ||
| 020 | |a 1403916942 (brossura) | ||
| 040 | |b ita |c ct | ||
| 041 | 7 | |a eng |2 ISO-639-2 | |
| 245 | 0 | 0 | |a Queer theory / |c edited by Iain Morland and Annabelle Willox. |
| 260 | |a Basingstoke ; |a New York : |b Palgrave, |c c2005 | ||
| 300 | |a XI, 225 p. : |b ill. ; |c 24 cm. | ||
| 500 | |a Contributi di: Larry Kramer, Carol Queen, Marjorie Garber, Peter Hegarty, Cheryl Chase, Eve Kosofsky Sedgwick, Donald E. Hall, Stephen Whittle, Del LaGrace Volcano, Indra Windh, Judith Butler, William J. Spurlin, Marc Norris Lance, Mandy Merck. | ||
| 650 | 7 | |a OMOSESSUALITA |x ASPETTI SOCIO-CULTURALI |2 scbi | |
| 700 | 1 | |a Morland, Iain |0 IT\ICCU\MILV\302131 | |
| 700 | 1 | |a Willox, Annabelle, |d (1975- ) |0 IT\ICCU\MILV\302132 | |
| 700 | |a Walters, Suzanna Danuta | ||
| 700 | |a Califia, Patrick | ||
| 700 | |a Kramer, Larry | ||
| 700 | |a Queen, Carol | ||
| 700 | |a Garber, Marjorie | ||
| 700 | |a Hegarty, Peter | ||
| 700 | |a Kosofsky Sedgwick, Eve | ||
| 700 | |a Hall, Donald E. | ||
| 700 | |a Whittle, Stephen | ||
| 700 | |a LaGrace Volcano, Del | ||
| 700 | |a Winh, Indra | ||
| 700 | |a Spurlin, William J. | ||
| 700 | |a Lance, Mark Norris | ||
| 700 | |a Tanesini, Alessandra | ||
| 700 | |a Merck, Mandy | ||
| 700 | |a Chase, Cheryl | ||
| 700 | |a Butler, Judith | ||
| 830 | 0 | |a Readers in cultural criticism |0 IT\ICCU\AQ1\0060170 | |
| 942 | |2 ddc |c BK |n 0 | ||
| 952 | |0 0 |1 0 |2 ddc |4 0 |6 B_SSR03MORIAQUE11 |7 0 |9 8367 |a MI |b MI |d 2005-10-28 |i 4981 |l 0 |o B-SSR03-MORIA-QUE11 |p CDOM4981 |r 2025-07-17 21:50:00 |w 2025-07-17 |x ACQUISTO |y BK | ||
| 981 | 1 | |6 z01 |a i |b xxxe | |
| 982 | 1 | |6 z01 |a n | |
| 999 | |c 7994 |d 7994 | ||